[Event "Almaty Open 2018"]
[Site "Almaty"]
[Date "2018.10.23"]
[Round "9"]
[White "Utegaliyev, Azamat"]
[Black "Kostenko, Petr"]
[Result "1-0"]
[WhiteElo "2517"]
[BlackElo "2459"]
[Annotator "TA"]
[PlyCount "95"]
[EventDate "2018.10.16"]
[EventType "swiss"]
[EventCountry "KAZ"]
[SourceTitle "playchess.com"]
[Source "ChessBase"]
[SourceQuality "1"]

{[%evp 20,95,1,-4,-17,0,-4,7,15,22,12,33,26,17,10,17,0,12,38,29,34,-2,26,41,60,54,25,10,122,67,55,33,34,29,34,32,32,30,27,0,0,5,24,-82,28,16,20,16,0,0,0,0,0,0,4,0,0,0,32,10,55,62,323,314,1087,1084,1028,1056,1075,1074,29985,29986,29985,29984,29997,29998,29998,29999]} 1. Nf3 d5 2. g3 Nd7 3. d4 b5 4. Bg2 Ngf6 5. b3 {[%cal Bb2b3,Bb3c4][%mdl 32]} e6 6. c4 c6 7. O-O Be7 8. Nbd2 O-O 9. Qc2 bxc4 10. bxc4 Ba6 11. Re1 c5 {E09: Closed Catalan: Main Line: 7 Qc2 c6 8 Nbd2} 12. Qa4 Qc8 13. Ba3 $1 Nb6 {The position is equal.} 14. Qa5 Nxc4 15. Nxc4 Bxc4 16. Ne5 Qa6 $1 {[%cal Ra6a5]} 17. Nxc4 Qxc4 18. e3 {[%cal Ra3c5]} Rfb8 (18... Rfc8 $5 {[%cal Re7d8]}) 19. Bf1 Qc2 20. Rac1 Qf5 21. dxc5 Ng4 22. f4 $1 Qh5 {[%csl Gg4][%cal Rh5h2]} 23. Rc2 Qg6 {[#]} (23... Rc8 $1 $11) 24. Qd2 (24. e4 $1 $16 {[%mdl 512]}) 24... Qe4 $14 25. h3 Nf6 26. Bd3 Qa4 27. Bb2 Ne4 28. Bxe4 $1 Qxe4 29. c6 Bb4 30. Bc3 {c7 is the strong threat.} Rb6 31. Rec1 (31. Bxb4 $11 {remains equal.} Rxb4 32. c7) 31... Bxc3 (31... Ba3 $17 32. Bb2 Rxb2 33. Rxb2 Bxb2 34. Qxb2 Qxe3+ 35. Kg2 Qb6) 32. Rxc3 h5 33. c7 $40 {[%mdl 128] White mounts an attack.} Rc8 34. Kh2 Rb7 35. Rc5 f6 36. R5c2 Rb6 37. h4 Kf7 38. Qe2 Kg6 39. g4 {[%cal Bg3g4,Bg4h5][%mdl 32]} d4 40. gxh5+ Kf7 $2 {[%mdl 8192] [#]} ({Black should try} 40... Kh6 $1 $14) 41. Qg4 $1 $18 dxe3 $2 {[#]} (41... Qf5 42. Qxf5 exf5 43. exd4 Rb4) 42. Rg2 $1 Qh7 43. Rcg1 Ke8 44. Qxg7 Qxh5 45. Qxf6 {White mates.} Kd7 46. Rc2 Qf5 47. Rg7+ Kd6 48. Qd8+ {Precision: White = 66%, Black = 40%.} 1-0

[Event "Almaty Open 2018"]
[Site "Almaty"]
[Date "2018.10.23"]
[Round "9"]
[White "Mirzoev, Azer"]
[Black "Suleymenov, Alisher"]
[Result "1-0"]
[WhiteElo "2508"]
[BlackElo "2331"]
[Annotator "TA"]
[PlyCount "161"]
[EventDate "2018.10.16"]
[EventType "swiss"]
[EventCountry "KAZ"]
[SourceTitle "playchess.com"]
[Source "ChessBase"]
[SourceQuality "1"]

{[%evp 9,161,31,33,27,25,15,34,19,17,10,16,18,23,17,26,14,38,43,45,41,43,27,25,6,79,69,127,0,0,-13,2,0,11,6,23,16,43,44,33,22,20,20,56,15,18,18,21,20,27,6,9,11,14,12,3,13,11,0,17,22,34,20,19,14,52,17,65,64,89,84,84,35,47,9,9,0,0,-4,45,35,78,75,97,90,89,75,102,85,87,66,80,79,114,101,101,101,94,93,93,93,142,92,219,141,495,474,479,471,574,572,548,564,556,548,691,680,690,677,784,767,796,792,733,807,806,776,785,773,1162,1154,1147,1146,1159,1146,1060,1005,1532,897,1516,1511,1774,1767,1688,1664,1587,1538,1695,1585,29979,29980,29980,29981,29983,29984]} 1. d4 Nf6 2. Nf3 b6 3. c4 Bb7 4. Nc3 g6 5. Bg5 Bg7 6. e3 {A50: Damenindisch (ohne e7-e6)} O-O 7. Be2 d6 8. O-O {Weiß steht etwas besser.} Ne4 9. Nxe4 Bxe4 10. Rc1 Nd7 11. Bh4 Qe8 12. Re1 e5 13. b4 c5 14. bxc5 bxc5 15. dxc5 dxc5 16. Qd6 {Weiss will Le7 spielen.} f6 (16... Rc8 $11) 17. Nd2 $16 Bb7 18. Nb3 (18. Rb1 $16 Nb6 19. Qxc5) 18... Rf7 $11 19. f3 Bf8 20. Qd2 Nb6 21. e4 Qa4 22. Bf2 Rd7 23. Qc3 Rc8 24. Rc2 Qa3 25. Rb1 Rcd8 26. Be3 Ba6 27. Qe1 Qa4 {[%cal Rb6c4]} 28. Rbc1 Qc6 29. h3 Rc7 30. Nd2 Bc8 31. Nb1 Be6 32. Rb2 Rcd7 33. Qf1 Kh8 34. Rb5 Na4 35. Qe1 a6 36. Rb3 Qc7 37. Ra3 Nb6 38. Kh2 Ra8 39. Qa5 Qc6 40. Nd2 Rb7 41. Nb3 {[%cal Rb3c5]} Nd7 42. Rb1 Rb4 43. Nd2 Nb6 {[%cal Rb6c4]} 44. Rab3 Na4 45. Bd1 $36 {[%mdl 2048] Weiss bestimmt, wo es lang geht.} (45. Rxb4 cxb4 46. Rxb4 Bxb4 $11) 45... Bd7 46. a3 Rxb3 47. Rxb3 ({Doch nicht} 47. Bxb3 Qb6 $11) 47... Kg8 48. Rb1 Be7 49. Bf2 Rc8 50. Nf1 Qc7 51. Qxc7 Rxc7 52. Rb8+ Kf7 53. Ne3 {[#] Sd5 ist eine echte Drohung.} Nc3 54. Bc2 Bd6 55. Ra8 Rc6 (55... Rb7 $16) 56. Ra7 Ke6 $2 {[%mdl 8192] [#]} (56... Rc7 $16 {ist eine bessere Chance.} 57. Rxa6 Rc6) 57. Nd5 $18 Ne2 58. Ba4 Bb8 59. Rb7 Bd6 60. Bxc6 Bxc6 61. Rxh7 Nc1 62. Ra7 Nd3 63. Be3 Nb2 64. Rxa6 Kd7 65. Nxf6+ Kc7 66. Nd5+ Kd7 67. Ra7+ Ke6 68. Nb6 Bb8 69. Rg7 Kf6 70. Rh7 Bd6 71. h4 Bf8 72. Bc1 Nd3 73. Bg5+ Ke6 74. a4 {[%cal Ba3a4,Ba4a5][%mdl 32]} Bd6 75. a5 Nb4 76. Nd5 Na6 77. g4 {[%cal Bg2g4,Bg4h5,Bh5h6][%mdl 32]} Nb4 78. Kg2 Na6 79. h5 {Weiß setzt Matt.} gxh5 80. gxh5 Nb4 81. h6 {Precision: Weiß = 55%, Schwarz = 42%.} 1-0

[Event "Almaty Open 2018"]
[Site "Almaty"]
[Date "2018.10.23"]
[Round "9"]
[White "Khegay, Dmitriy"]
[Black "Burmakin, Vladimir"]
[Result "0-1"]
[WhiteElo "2499"]
[BlackElo "2523"]
[Annotator "TA"]
[PlyCount "98"]
[EventDate "2018.10.16"]
[EventType "swiss"]
[EventCountry "KAZ"]
[SourceTitle "playchess.com"]
[Source "ChessBase"]
[SourceQuality "1"]

{[%evp 10,98,33,25,43,43,54,49,55,47,53,44,59,52,67,75,75,62,70,39,50,43,56,35,41,40,48,-9,0,-8,0,-26,-20,-18,-27,-22,-20,-18,-18,-35,-5,-13,-11,-14,-15,-14,-14,-26,-25,-26,-28,-55,-51,-51,-47,-47,-42,-37,-44,-60,-8,-51,-14,0,0,0,0,-51,-14,-284,-308,-470,-469,-491,-487,-1184,-1132,-1117,-1068,-1027,-974,-920,-870,-915,-823,-877,-857,-1273,-1216,-764,-727]} 1. e4 c6 2. d4 d5 3. e5 Bf5 4. Nf3 e6 5. Be2 Ne7 6. O-O Nc8 {B12: Caro-Kann: Advance Variation} 7. b3 Be7 8. c4 O-O {White is slightly better.} 9. Nc3 Nd7 10. Bd3 {Threatens to win with Bxf5.} Bxd3 11. Qxd3 f6 12. exf6 Bxf6 13. Re1 Re8 14. Bf4 Nf8 15. Be5 (15. g4 {looks sharper.} Ng6 16. Bg3 Nb6 17. a4 a5 18. Rad1) 15... Nd6 16. Bxd6 Qxd6 17. Re3 Rad8 18. c5 (18. Rd1 $14) 18... Qc7 19. Rae1 Ng6 20. h4 ({Don't play} 20. Rxe6 Rxe6 21. Rxe6 Nf4 $17) (20. g3 {seems wilder.} e5 21. Nxe5 Bxe5 22. f4 Bxd4 23. Qxd4 Rxe3 24. Rxe3 Nf8 25. b4) 20... e5 21. dxe5 Nxe5 22. Nxe5 Rxe5 23. Rxe5 Bxe5 24. g3 Re8 25. Kg2 {f4 is the strong threat.} Re7 26. b4 Bf6 27. Rxe7 Qxe7 28. Nd1 g6 29. Ne3 Kf7 30. Kf3 h5 31. a3 Qe6 32. Kg2 Qe5 33. Kf3 Bg7 34. Nc2 {[#]} Qc3 (34... a5 $1 $15 {[%mdl 512]}) 35. Ke2 (35. Qxc3 {keeps more tension.} Bxc3 36. Ke3 Bf6 37. Nd4 g5 38. hxg5 Bxg5+ 39. Kd3) 35... Qxd3+ (35... Qb2 {is more complex.} 36. f4 Bf6 37. Kf3 Qc3 38. Qxc3 Bxc3 39. Ke2 Bg7) 36. Kxd3 $15 {[%mdl 4096] Endgame KB-KN} Ke6 37. a4 a6 38. Ne3 (38. Nd4+ $11 Ke7 39. Ke3) 38... Bb2 39. Nd1 $2 {[%mdl 8192] [#]} (39. Nc2 $11 {and White is okay.}) 39... Ba3 $1 $19 40. Kc3 {[#]} (40. Kd4 $142) 40... a5 $1 {[%mdl 512] Black is clearly winning.} 41. bxa5 Bxc5 42. Kb3 (42. Kd3 $142 Bb4 43. Nc3) 42... Bd4 43. Kc2 c5 {[%cal Bc6c5,Bc5c4][%mdl 32]} 44. Kd2 Kf5 45. f3 c4 46. Ke2 Ke5 47. Kd2 Kd6 48. Ke2 Kc5 49. g4 Kd6 {Precision: White = 35%, Black = 56%.} 0-1

[Event "Almaty Open 2018"]
[Site "Almaty"]
[Date "2018.10.23"]
[Round "9"]
[White "Zubarev, Alexander"]
[Black "Kekelidze, Mikheil"]
[Result "0-1"]
[WhiteElo "2490"]
[BlackElo "2360"]
[Annotator "TA"]
[PlyCount "126"]
[EventDate "2018.10.16"]
[EventType "swiss"]
[EventCountry "KAZ"]
[SourceTitle "playchess.com"]
[Source "ChessBase"]
[SourceQuality "1"]

{[%evp 9,126,24,24,24,27,23,14,14,14,14,23,14,12,12,12,12,12,14,17,16,17,18,21,15,25,23,36,36,24,25,40,38,57,42,53,31,58,21,74,72,101,71,58,51,71,52,77,0,36,28,31,0,0,-191,-182,-177,-186,-170,-177,-166,-130,-265,-266,-260,-250,-248,-235,-234,-210,-199,-166,-234,-158,-348,-344,-282,-269,-390,-247,-293,-301,-429,-439,-432,-394,-409,-391,-397,-376,-479,-436,-500,-493,-460,-454,-695,-702,-845,-866,-893,-866,-883,-887,-853,-681,-862,-842,-937,-925,-837,0,-921,-913,-1016,-1035,-813,-1039,-2751,-2491]} 1. e4 c5 2. Nf3 Nc6 3. Bb5 Nf6 4. Nc3 Qc7 5. O-O e5 6. d3 {B30: Sicilian: 2...Nc6 3 Bb5, lines without ...g6} d6 7. Nh4 Be7 8. f4 {The position is equal.} exf4 9. Bxf4 O-O 10. Bg5 Qd8 11. Bxc6 bxc6 12. Nf5 Bxf5 13. Rxf5 Nd7 14. Bxe7 Qxe7 15. Qd2 g6 16. Rf2 Kg7 17. Raf1 h5 18. b3 Rae8 19. h3 Qe5 20. Ne2 d5 21. exd5 cxd5 22. d4 Qd6 23. dxc5 Nxc5 (23... Qxc5 $11 {remains equal.} 24. b4 Qc4) 24. Qd4+ $1 $16 Kg8 25. Nc3 Rd8 26. Rd1 {[%cal Rc3d5]} Ne6 {[%cal Bc5e6,Be6g5,Bg5e4][%mdl 32]} 27. Qxa7 Qe5 28. Na4 ({White should try} 28. Qa5 $16) 28... d4 29. Qe7 Qe3 30. Qf6 Ng5 $1 $36 {[%cal Rg5e4][%mdl 2048] Black is pushing.} 31. Rd3 $2 (31. Nc5 $1 $11 {and White has nothing to worry.}) 31... Ne4 $1 $19 {[%csl LRf2,LRf6][%cal Re4f6]} 32. Qf4 ({Not} 32. Rxe3 $2 dxe3 33. Re2 Nxf6 $19) 32... Qxf2+ 33. Qxf2 Nxf2 34. Kxf2 {[%mdl 4096] Endgame KRR-KRN} Rfe8 $1 35. Nb6 {[#]} (35. Nc5 $17 {was called for.}) 35... Rd6 $1 {[%cal Rd6b6]} 36. Nc4 Rf6+ 37. Rf3 {[#]} Rfe6 $1 {White must now prevent ...Re2+.} 38. Kg3 Re2 39. Rf2 R8e6 40. a4 (40. h4 {might work better.}) 40... Kg7 41. a5 $2 {[#]} (41. h4 $17 {was necessary.}) 41... h4+ $1 {[%mdl 512]} 42. Kf3 (42. Kxh4 Rxf2) 42... Re1 {( -> ...Rf6+)} 43. g4 (43. g3 $142 Rf6+ 44. Kg2) 43... Ra1 44. Kg2 Ree1 45. Rd2 (45. g5 $142 Rg1+ 46. Kf3) 45... Rg1+ 46. Kf3 Rg3+ 47. Ke4 Rxh3 48. Kxd4 Rg3 49. b4 Rxg4+ 50. Kc5 h3 51. Rh2 Rh4 52. Nd6 (52. b5 $142 Ra4 53. Nd6) 52... Rh5+ 53. Kb6 g5 {[%cal Bg6g5,Bg5g4][%mdl 32]} 54. Nf5+ Kg6 55. Ng3 Rh8 56. c4 Rb8+ 57. Kc5 g4 58. Rf2 Ra3 59. Ne2 Ra1 $2 (59... Ra4 $19 60. b5 Rxa5) 60. b5 $2 {[%mdl 8192]} (60. Ng3 $11 Ra3 61. Ne2) 60... Rxa5 {Black is clearly winning.} 61. Kc6 Ra3 62. Kc7 Rh8 63. b6 h2 {Precision: White = 48%, Black = 72%.} 0-1

[Event "Almaty Open 2018"]
[Site "Almaty"]
[Date "2018.10.23"]
[Round "9"]
[White "Akhmetov, Ayan"]
[Black "Fier, Alexandr"]
[Result "0-1"]
[WhiteElo "2409"]
[BlackElo "2558"]
[Annotator "TA"]
[PlyCount "142"]
[EventDate "2018.10.16"]
[EventType "swiss"]
[EventCountry "KAZ"]
[SourceTitle "playchess.com"]
[Source "ChessBase"]
[SourceQuality "1"]

{[%evp 11,142,-2,18,0,27,-12,0,0,14,0,-5,-2,0,-13,-11,-18,-14,-16,0,-27,-22,-22,-22,-22,-22,-26,-22,-29,-20,-22,-23,-24,-17,-18,-11,-16,-14,-14,-16,-26,-27,-18,-17,-22,-11,-16,-15,-40,-16,-16,-12,-15,-6,-26,-6,-13,0,0,0,-56,-47,-53,-38,-45,-33,-30,-27,-58,-53,-47,-57,-54,-55,-53,-54,-53,-56,-70,-62,-56,-39,-47,-4,-58,-12,-97,-96,-106,-57,-202,-202,-196,-93,-227,-165,-229,-228,-222,-213,-375,-356,-374,-364,-840,-835,-5057,-4133,-1063,-4433,-1752,-1654,-29938,-29942,-29939,-29940,-29942,-29946,-29947,-29948,-29946,-29948,-29945,-29947,-29948,-29948,-29952,-29949,-12840,-12839,-29985,-29986,-29986,-29987]} 1. d4 Nf6 2. Bf4 e6 3. Nf3 c5 4. e3 Nc6 5. c3 d5 6. Nbd2 cxd4 7. cxd4 {D02: 1 d4 d5 2 Nf3 sidelines, including 2...Nf6 3 g3 and 2...Nf6 3 Bf4} Nh5 8. Bg3 Be7 9. a3 {The position is equal.} O-O 10. Bd3 g6 11. Rc1 Bd7 12. O-O Nxg3 13. hxg3 Qb6 14. Qb3 Rfc8 15. Rc3 Na5 16. Qxb6 axb6 17. Rfc1 Rxc3 18. Rxc3 Bd6 19. Nb3 Kf8 20. g4 h6 21. g3 Ke7 22. Kg2 Bc6 23. Nxa5 bxa5 24. Rc1 Kf6 25. Rh1 Kg7 26. g5 hxg5 27. Nxg5 Be8 28. f4 Rc8 29. a4 Rc6 {...Rb6 is the strong threat.} 30. Rb1 Rb6 31. b3 Rc6 {[#] White must now prevent ...Rc3.} 32. Kf2 Rc3 33. Ke2 Be7 34. Nf3 f6 35. Rb2 (35. g4 $1 $11) 35... Ba3 36. Ra2 $1 {[%cal Ra2a3]} Bd6 $36 {[%mdl 2048] Black is more active.} ({Much weaker is} 36... Rxb3 $6 37. Nd2 $14) 37. Bc2 $1 Bd7 38. Kf2 b6 39. Ng1 e5 40. Ne2 Rc8 41. fxe5 fxe5 42. dxe5 Bxe5 43. Bd3 g5 44. Kg2 Bg4 45. Rd2 Rh8 46. Ng1 Kf6 47. Rc2 ({White should play} 47. Rf2+ $11 Ke7 48. Bf5) 47... Bd7 48. e4 (48. Rf2+ $11 Ke7 49. Bf5) 48... dxe4 $17 49. Bxe4 Rc8 (49... Bd6 {is interesting.} 50. Rf2+ Ke7 51. Re2 Kd8 52. Bd5 Rh6) 50. Ne2 (50. Rf2+ $15 Ke7 51. Nf3) 50... Rxc2 $19 51. Bxc2 {[%mdl 4096] Endgame KBB-KBN} Be6 (51... Bb2 $19 {and Black stays clearly on top.} 52. Bd3 Ke5) 52. Kf3 (52. Nc1 $17 {only move.}) 52... Bb2 53. Ke3 {[#]} Ke5 $1 54. Kd2 Ba3 55. Kc3 $2 (55. Ke3) 55... Bb4+ 56. Kb2 Bf5 57. Bxf5 $2 (57. Bd1 Bg4 58. Kc1) 57... Kxf5 {KB-KN} 58. Kc2 Ke4 59. g4 Kf3 60. Kd3 Kxg4 61. Ke4 Bc5 62. Nc1 Kh3 63. Nd3 g4 {[%cal Bg5g4,Bg4g3,Bg3g2][%mdl 32]} 64. Kf4 Bd6+ 65. Ke3 g3 66. Kf3 g2 67. Nf2+ Kh2 68. Ng4+ Kh1 69. Nf2+ Kg1 70. Ng4 Bc5 71. Kg3 Kh1 {Precision: White = 40%, Black = 61%.} 0-1

[Event "Almaty Open 2018"]
[Site "Almaty"]
[Date "2018.10.23"]
[Round "9"]
[White "Urazayev, Arystanbek"]
[Black "Saiyn, Zhanat"]
[Result "1/2-1/2"]
[WhiteElo "2321"]
[BlackElo "2370"]
[Annotator "TA"]
[PlyCount "64"]
[EventDate "2018.10.16"]
[EventType "swiss"]
[EventCountry "KAZ"]
[SourceTitle "playchess.com"]
[Source "ChessBase"]
[SourceQuality "1"]

{[%evp 14,64,18,30,33,12,5,2,10,-8,11,1,32,33,36,12,49,41,48,44,56,44,41,0,37,14,29,0,0,0,13,10,32,0,0,0,0,0,0,0,0,0,0,0,0,0,0,0,0,0,0,0,0]} 1. e4 Nc6 2. Nf3 d6 3. d4 Nf6 4. Nc3 g6 5. h3 Bg7 6. Be3 O-O 7. Be2 e5 8. dxe5 dxe5 {B08: Pirc Defence: Classical System} 9. Qxd8 (9. Bb5 {seems wilder.} Qe7 10. Bxc6 bxc6 11. O-O Ba6 12. Re1) 9... Rxd8 10. Bc4 Ne8 11. Bg5 Rd7 12. Bb5 Nd6 13. Bxc6 bxc6 14. O-O-O f5 15. Be3 a5 16. Rhe1 a4 17. Bc5 $1 f4 18. Rd2 Nb5 19. Rxd7 Bxd7 20. Nxb5 cxb5 21. Re2 Bf6 22. Ne1 Be6 23. a3 Rd8 {The position is equal.} 24. Rd2 Bc4 25. Rxd8+ Bxd8 26. Nd3 Bxd3 27. cxd3 $11 {[%mdl 4096] Endgame KB-KB} Kf7 28. Kc2 Be7 29. Ba7 Ke6 30. d4 exd4 31. Bxd4 c6 32. Ba7 c5 {Precision: White = 71%, Black = 47%.} 1/2-1/2

[Event "Almaty Open 2018"]
[Site "Almaty"]
[Date "2018.10.23"]
[Round "9"]
[White "Rakhimzhan, Alen"]
[Black "Hamitevici, Vladimir"]
[Result "1/2-1/2"]
[WhiteElo "2185"]
[BlackElo "2505"]
[Annotator "TA"]
[PlyCount "88"]
[EventDate "2018.10.16"]
[EventType "swiss"]
[EventCountry "KAZ"]
[SourceTitle "playchess.com"]
[Source "ChessBase"]
[SourceQuality "1"]

{[%evp 11,88,34,25,17,12,-13,-4,-10,17,14,6,-58,-49,-52,-52,-105,-106,-93,-87,-122,-115,-103,-79,-85,-81,-84,-75,-126,-122,-180,-176,-176,-167,-191,-189,-262,-256,-247,-194,-188,-163,-265,-226,-256,-210,-195,-207,-207,-199,-175,-153,-181,-211,-186,-123,-124,-117,-125,-116,-140,-134,-134,-139,-159,-75,-45,-59,-141,-127,-114,0,0,0,0,0,0,0,0,0]} 1. d4 d6 2. Nf3 g6 3. e4 Bg7 4. Be2 Nf6 5. Nc3 O-O 6. Bg5 c6 7. Qd2 {B08: Pirc Defence: Classical System} d5 8. Bd3 dxe4 9. Nxe4 Nxe4 10. Bxe4 Nd7 11. O-O-O (11. c3 $11) 11... Nf6 $15 12. Bd3 Bg4 13. Kb1 ({White should try} 13. c3 $15) 13... Bxf3 $1 $17 14. gxf3 Qxd4 15. c3 Qc5 16. h4 {[%cal Bh2h4,Bh4h5][%mdl 32]} Rfd8 17. Bxf6 exf6 {[#]} 18. h5 $1 {[%mdl 512]} f5 (18... gxh5 19. Qe3) 19. Qc2 ({White has to play} 19. hxg6 hxg6 20. Qe3 Qxe3 21. fxe3) 19... b5 20. a3 (20. Qd2 $17 {keeps fighting.}) 20... a5 $19 21. Rdg1 Kf8 22. hxg6 hxg6 23. Rh7 (23. Re1 $142) 23... Rd5 24. Rd1 Rad8 25. Rhh1 Qb6 26. Kc1 (26. Be2 $142) 26... R5d6 27. Rhf1 b4 28. cxb4 axb4 29. Qb3 Qc5+ 30. Bc2 Rb8 31. Rxd6 Qxd6 32. a4 Qc5 (32... c5 $19 33. Rd1 Qf4+ 34. Qe3 Qc7) 33. Kb1 $17 Bd4 34. Bd3 Ra8 35. Rc1 Qb6 36. Bc4 Ra7 37. Qc2 {[#]} Bxf2 (37... c5 $142 $1 {Threatens to win with ...Qc6.} 38. Rd1 Kg7) 38. Bb3 Qe3 39. Ka2 ({White should play} 39. Qd1 $15 c5 40. Qd8+ Qe8 41. Qd2) 39... c5 ({Wrong is} 39... Qxf3 $2 40. Rf1 $16) 40. Rd1 Kg7 ({Don't play} 40... Qxf3 $6 41. Rf1 $14) (40... Bh4 $17 {aiming for ...Bf6.} 41. Rd3 Qe7) 41. Rd3 $11 {The position is equal.} Qe1 42. Rd1 Qe3 {Hoping for ...Bg3.} 43. Rd3 Qe1 {...Bd4 is the strong threat.} 44. Rd1 Qe3 {Precision: White = 53%, Black = 63%.} 1/2-1/2